Điều dưỡng nhi khoa : Sách đào tạo điều dưỡng đa khoa trung học

Nội dung quyển sách gồm 20 bài với 4 mục tiêu chính: trình bày đặc điểm giải phẫu sinh lý và sự phát triển cơ thể của trẻ em, trình bày nguyên nhân, triệu chứng, tiến triển, biến chứng và biện pháp phòng các bệnh thường gặp ở trẻ em,...

Disgrifiad llawn

Wedi'i Gadw mewn:
Manylion Llyfryddiaeth
Prif Awdur: Trần Quy. (Chủ biên)
Awduron Eraill: Nguyễn Tiến Dũng (Biên soạn), Nguyễn Thúy Mai (Biên soạn)
Fformat: Llyfr
Iaith:Vietnamese
Cyhoeddwyd: H. Y học 2011
Pynciau:
Tagiau: Ychwanegu Tag
Dim Tagiau, Byddwch y cyntaf i dagio'r cofnod hwn!
Thư viện lưu trữ: Thư viện Trường Đại học Nam Cần Thơ
LEADER 02020nam a22002657a 4500
001 NCT_42933
008 180616b xxu||||| |||| 00| 0 vie d
999 |c 2059  |d 2059 
020 |c 56000 
082 0 4 |2 23rd ed.  |a 618.92  |b Q523 
100 1 |a Trần Quy.  |e Chủ biên 
245 1 0 |a Điều dưỡng nhi khoa :  |b Sách đào tạo điều dưỡng đa khoa trung học  |c Trần Quỵ (chủ biên) 
260 |a H.  |b Y học  |c 2011 
300 |a 233 tr.  |b minh họa  |c 27cm 
520 3 |a Nội dung quyển sách gồm 20 bài với 4 mục tiêu chính: trình bày đặc điểm giải phẫu sinh lý và sự phát triển cơ thể của trẻ em, trình bày nguyên nhân, triệu chứng, tiến triển, biến chứng và biện pháp phòng các bệnh thường gặp ở trẻ em, trình bày chế độ nuôi dưỡng và chăm sóc trẻ khỏe mạnh và trẻ bị bệnh, lập kế hoạch chăm sóc trẻ bị bệnh. 
653 |a Dược học 
700 1 |a Nguyễn Tiến Dũng  |e Biên soạn 
700 1 |a Nguyễn Thúy Mai  |e Biên soạn 
942 |2 ddc  |c BK 
952 |0 0  |1 0  |2 ddc  |4 0  |6 618_920000000000000_Q523  |7 0  |9 11165  |a 000001  |b 000001  |d 2018-06-16  |o 618.92 Q523  |p MD.12306  |r 2018-06-16  |v 56000.00  |w 2018-06-16  |y BK 
952 |0 0  |1 0  |2 ddc  |4 0  |6 618_920000000000000_Q523  |7 0  |9 11166  |a 000001  |b 000001  |d 2018-06-16  |o 618.92 Q523  |p MD.12307  |r 2018-06-16  |v 56000.00  |w 2018-06-16  |y BK 
952 |0 0  |1 0  |2 ddc  |4 0  |6 618_920000000000000_Q523  |7 0  |9 11167  |a 000001  |b 000001  |d 2018-06-16  |o 618.92 Q523  |p MD.12308  |r 2018-06-16  |v 56000.00  |w 2018-06-16  |y BK 
952 |0 0  |1 0  |2 ddc  |4 0  |6 618_920000000000000_Q523  |7 0  |9 11168  |a 000001  |b 000001  |d 2018-06-16  |o 618.92 Q523  |p MD.12309  |r 2018-06-16  |v 56000.00  |w 2018-06-16  |y BK 
952 |0 0  |1 0  |2 ddc  |4 0  |6 618_920000000000000_Q523  |7 0  |9 11169  |a 000001  |b 000001  |d 2018-06-16  |o 618.92 Q523  |p MD.12310  |r 2018-06-16  |v 56000.00  |w 2018-06-16  |y BK 
980 |a Thư viện Trường Đại học Nam Cần Thơ